Normal view
MARC view
- Umer Mansoor
Entry Personal Name
001 - CONTROL NUMBER
- control field: 92914
003 - CONTROL NUMBER IDENTIFIER
- control field: NUST
005 - DATE AND TIME OF LATEST TRANSACTION
- control field: 20220705110826.0
008 - FIXED-LENGTH DATA ELEMENTS
- fixed length control field: 220705|| aca||aabn | a|a d
040 ## - CATALOGING SOURCE
- Original cataloging agency: NUST
- Transcribing agency: NUST
100 ## - HEADING--PERSONAL NAME
- Personal name: Umer Mansoor
670 ## - SOURCE DATA FOUND
- Source citation: Work cat.: (NUST)13629: Umer Mansoor, Width tunable multiple optical pulsed source generation for optical communication system, 2016
